Loading...
| Science - Chemistry | 0 | 9 | 0 | 0 | 90 | 63 | 84.22 | 0 | 2 | 21.07 | 50.23 |
| Philosophy | 0 | 7 | 0 | 1 | 70 | 71 | 88.29 | 1 | 5 | 15.89 | 44.23 |
| Social Science | 0 | 5 | 1 | 0 | 45 | 23 | 68.40 | 2 | 2 | 17.30 | 31.06 |
| Science - Biology | 0 | 5 | 1 | 1 | 45 | 32 | 74.00 | 0 | 2 | 15.19 | 23.31 |
| Science - Physics | 0 | 4 | 2 | 1 | 30 | 67 | 92.00 | 0 | 2 | 8.64 | 20.86 |
| Literature - British | 0 | 2 | 0 | 0 | 20 | 40 | 79.00 | 0 | 1 | 8.72 | 15.33 |
| Literature - World | 0 | 2 | 1 | 1 | 15 | 114 | 129.00 | 0 | 0 | 1.58 | 7.05 |
| Science - Other | 0 | 2 | 1 | 0 | 15 | 81 | 102.50 | 0 | 0 | 2.90 | 8.33 |
| History - World | 0 | 1 | 0 | 0 | 10 | 83 | 83.00 | 0 | 0 | 3.29 | 4.55 |
| Literature - European | 0 | 1 | 0 | 0 | 10 | 124 | 124.00 | 0 | 0 | 0.49 | 2.27 |
| Fine Arts - Painting and Sculpture | 0 | 1 | 0 | 0 | 10 | 71 | 71.00 | 1 | 1 | 3.67 | 8.33 |
| Literature - American | 0 | 1 | 1 | 0 | 5 | 58 | 58.00 | 0 | 0 | 5.35 | 6.06 |
| Fine Arts - Classical Music | 0 | 0 | 1 | 0 | -5 | 0.00 | 0 | 0 | 0.00 | 0.00 | |
| Religion | 0 | 0 | 1 | 0 | -5 | 0.00 | 0 | 0 | 0.00 | 0.00 |